Central Library OPAC University of Rajshahi

The death of a president: November 20-November 25, 1963 / (Record no. 27437)

MARC details
000 -LEADER
fixed length control field 00934cam a2200277 4500
001 - CONTROL NUMBER
control field 27437
003 - CONTROL NUMBER IDENTIFIER
rucl marc code BD-RjUL
005 - DATE AND TIME OF LATEST TRANSACTION
control field 20211209051144.0
008 - FIXED-LENGTH DATA ELEMENTS--GENERAL INFORMATION
fixed length control field 140325s1967 enkbe b 001 0beng d
035 ## - SYSTEM CONTROL NUMBER
System control number (BD-RjUL)27511
040 ## - CATALOGING SOURCE
Original cataloging agency DLC
Transcribing agency DLC
Modifying agency OCL
-- UKM
-- EQO
-- BD-RjUL
Language of cataloging eng
041 ## - LANGUAGE CODE
Language code of text/sound track or separate title eng
082 ## - DEWEY DECIMAL CLASSIFICATION NUMBER
Classification number 973.9220924
Author mark and year MAD 1967
100 1# - MAIN ENTRY--PERSONAL NAME
Personal name Manchester, William,
Dates associated with a name 1922-2004
9 (RLIN) 82598
245 14 - TITLE STATEMENT
Title The death of a president: November 20-November 25, 1963 /
Statement of responsibility, etc. by William Manchester.
260 ## - PUBLICATION, DISTRIBUTION, ETC. (IMPRINT)
Place of publication, distribution, etc. London :
Name of publisher, distributor, etc. Michael Joseph,
Date of publication, distribution, etc. 1967.
300 ## - PHYSICAL DESCRIPTION
Pagination 784 p. :
Illustrations ill. ;
Size 22 cm.
500 ## - GENERAL NOTE
General note Chronological table and col. map on endpapers.
504 ## - BIBLIOGRAPHY, ETC. NOTE
Bibliography, etc include index and Bibliography: p. 741-759.
600 10 - SUBJECT ADDED ENTRY--PERSONAL NAME
Fuller form of name ,
Personal name Kennedy, John F.
Fuller form of name (John Fitzgerald),
Dates associated with a name 1917-1963.
650 #0 - SUBJECT ADDED ENTRY--TOPICAL TERM
Topical term or geographic name as entry element Presidents
Geographic subdivision United States
Form subdivision Biography.
9 (RLIN) 84285
942 ## - ADDED ENTRY ELEMENTS (KOHA)
Source of classification or shelving scheme Dewey Decimal Classification
Koha item type Books
Holdings
Lost status Source of classification or shelving scheme Damaged status Not for loan Collection code Permanent Location Current Location Shelving location Date acquired Source of acquisition Cost, normal purchase price Total Checkouts Full call number Date last seen Copy number Koha item type
  Dewey Decimal Classification     Non-fiction Central Library, University of Rajshahi Central Library, University of Rajshahi   27/07/1972 Book Centre 66.00   973.9220924 MAD 1967 25/03/2014 C-2 Books
  Dewey Decimal Classification   Added to bundle Non-fiction Central Library, University of Rajshahi Central Library, University of Rajshahi Reading Room 30/01/1970 London Book Co. 48.80   973.9220924 MAD 1967 25/03/2014 C-1 Books
  Dewey Decimal Classification       Central Library, University of Rajshahi Central Library, University of Rajshahi   29/03/2014       973.9220924 MAD 1967 29/03/2014   Books
  Dewey Decimal Classification       Central Library, University of Rajshahi Central Library, University of Rajshahi   29/03/2014       973.9220924 MAD 1967 29/03/2014   Books
  Dewey Decimal Classification       Central Library, University of Rajshahi Central Library, University of Rajshahi   29/03/2014       973.9220924 MAD 1967 29/03/2014   Books
  Dewey Decimal Classification       Central Library, University of Rajshahi Central Library, University of Rajshahi   29/03/2014       973.9220924 MAD 1967 29/03/2014   Books
  Dewey Decimal Classification       Central Library, University of Rajshahi Central Library, University of Rajshahi   29/03/2014       973.9220924 MAD 1967 29/03/2014   Books